Candidats de la saison 13 de Secret Story - Statistiques

Statistiques générales
  • Ce quiz a été pris 328 fois
  • Le résultat moyen est 13 sur 14
Statistiques - réponses
Hint Réponse % Correct
«Nous sommes un faux couple.» Constance
98%
«Mon frère est une légende vivante du football.» Ethan
98%
«Notre histoire passée lie notre destin dans la maison.» Anita
97%
«J’ai remporté un talent show de K-POP en Corée.» Dréa
97%
«Notre histoire passée lie notre destin dans la maison.» Noah
97%
«La moitié de mon visage a été reconstruite.» Pimprenelle
97%
«Je suis un phénomène viral.» Romy
97%
«Nous sommes un faux couple.» Damien
96%
«J’ai onze prénoms.» Marianne
96%
«Je fais partie des 1 % de la population mondiale à avoir plus de 134 de QI.» Mayer
96%
«J’ai vécu dans ma voiture pendant 6 mois.» Théo
96%
«Nous sommes les gardiens de la transparence.» Aïmed
95%
«Nous sommes les gardiens de la transparence.» Célia
95%
«J’ai découvert l’existence de ma sœur à l’âge de 16 ans.» Adrien
93%
Aucun quiz correspondant
Distribution des résultats
% des personnes avec chaque résultat
Percentile par nombre de réponses
Votre historique - résultats
Vous n’avez pas pris ce quiz